2種類以上のE233系が停車する駅 - Statistics

General Stats
  • This quiz has been taken 49 times
    41 since last reset
  • The average score is 31 of 38
Answer Stats
番台 Answer % Correct
0番台・1000番台・3000番台・5000番台 東京
100%
0番台・3000番台・7000番台 新宿
100%
1000番台・3000番台 浦和
97%
1000番台・3000番台・7000番台 大宮
97%
1000番台・3000番台・6000番台 横浜
97%
1000番台・3000番台・6000番台 大船
97%
1000番台・3000番台・7000番台 赤羽
94%
1000番台・3000番台 さいたま新都心
94%
1000番台・3000番台・8000番台 川崎
94%
0番台・1000番台 神田
91%
3000番台・7000番台 大崎
91%
3000番台・7000番台 池袋
91%
0番台・8000番台 立川
91%
0番台・6000番台 八王子
91%
1000番台・3000番台 上野
88%
1000番台・3000番台 品川
88%
1000番台・6000番台 東神奈川
88%
3000番台・7000番台・8000番台 武蔵小杉
88%
3000番台・7000番台 恵比寿
88%
3000番台・7000番台 渋谷
88%
1000番台・3000番台 新橋
85%
1000番台・6000番台 桜木町
85%
1000番台・6000番台 関内
85%
1000番台・6000番台 山手
85%
1000番台・6000番台 根岸
85%
1000番台・6000番台 石川町
82%
1000番台・6000番台 磯子
82%
1000番台・6000番台 洋光台
82%
1000番台・6000番台 港南台
82%
1000番台・6000番台 新杉田
79%
1000番台・6000番台 本郷台
79%
3000番台・7000番台 西大井
79%
1000番台・2000番台 西日暮里
58%
2000番台・6000番台 町田
48%
2000番台・8000番台 登戸
45%
5000番台・7000番台 新木場
42%
1000番台・7000番台 大井町
36%
2000番台・7000番台 海老名
30%
No matching quizzes found
Score Distribution
Percent of People with Each Score
Percentile by Number Answered
Your Score History
You have not taken this quiz since the last reset